UM Logo

Education laws jurisprudence & governance / (Record no. 16449)

MARC details
000 -LEADER
fixed length control field 00767nam a22001937a 4500
005 - DATE AND TIME OF LATEST TRANSACTION
control field 20260113112028.0
008 - FIXED-LENGTH DATA ELEMENTS--GENERAL INFORMATION
fixed length control field 220214b ||||| |||| 00| 0 eng d
020 ## - INTERNATIONAL STANDARD BOOK NUMBER
International Standard Book Number 978-9-71966710-0 (paperback)
082 ## - DEWEY DECIMAL CLASSIFICATION NUMBER
Edition number 2019
Classification number DFil 370.26
Item number D351
100 ## - MAIN ENTRY--PERSONAL NAME
Personal name De Belen, Rustico T., author.
9 (RLIN) 43913
245 ## - TITLE STATEMENT
Title Education laws jurisprudence & governance /
Statement of responsibility, etc. Rustico T. De Belen.
260 ## - PUBLICATION, DISTRIBUTION, ETC. (IMPRINT)
Place of publication, distribution, etc. Quezon City :
Name of publisher, distributor, etc. Jobal Publishing House,
Date of publication, distribution, etc. [2019].
300 ## - PHYSICAL DESCRIPTION
Extent vii, 582 pages ;
Dimensions 23 cm.
500 ## - GENERAL NOTE
General note Education laws jurisprudence and governance<br/>
650 ## - SUBJECT ADDED ENTRY--TOPICAL TERM
Topical term or geographic name as entry element Education -- Philippines -- Law and legislation.
9 (RLIN) 43930
650 ## - SUBJECT ADDED ENTRY--TOPICAL TERM
Topical term or geographic name as entry element Schools -- Administration -- Law and legislation
9 (RLIN) 43931
650 ## - SUBJECT ADDED ENTRY--TOPICAL TERM
Topical term or geographic name as entry element Educational laws and legislation -- Philippines
9 (RLIN) 43932
942 ## - ADDED ENTRY ELEMENTS (KOHA)
Source of classification or shelving scheme Dewey Decimal Classification
Koha item type Filipiniana
Holdings
Withdrawn status Lost status Source of classification or shelving scheme Damaged status Not for loan Collection code Home library Current library Date acquired Source of acquisition Total Checkouts Full call number Barcode Date last seen Copy number Price effective from Koha item type
    Dewey Decimal Classification     Filipiniana UM Digos College - LIC UM Digos College - LIC 02/15/2021 Purchased   DFil 370.26 D351 2019 26026 05/15/2025 1 02/14/2022 Filipiniana